000 01081nam a22002537a 4500
999 _c8800
_d8800
003 CO-NeUS
005 20201020091642.0
008 140202b ck ||||| |||| 00| 0 spa d
020 _a8470304445
040 _cCO-NeUS
_aCO-NeUS
_bspa
_erda
100 1 _aSabucedo, J.M.
_981251
_eautor
245 1 0 _aMedios de comunicación de masas y conducta política /
_cJ.M. Sabucedo, M. Rodríguez
264 _aMadrid :
_b Biblioteca Nueva
_c1997
300 _a127 paginas
_c21 cm.
490 0 _aBiblioteca Nueva - Psicología Universidad
_995097
505 0 0 _aPrimeras aproximaciones sobre los efectos de los Mass Media -- Los efectos mínimos -- Comunicación y proceso
505 0 0 _ade persuación -- Reconsideración de los efectos de los medios de comunicación de masas -- El establecimiento
505 0 0 _ade la agenda -- Indicadores culturales -- Medios de comunicación de masas y participación política
505 0 0 _aconvencional y no convencional --
700 1 _aRodríguez, M.
_979711
082 0 4 _a302.23 /
_2302.23 /
_bS118m
650 1 4 _aMedios de comunicacion de masas
_9116129
650 1 4 _aEtica politica
_9109923
942 _2ddc
_cCG
_h302.23 /
_kS118m